| 000 | 00492nam a2200157Ia 4500 | ||
|---|---|---|---|
| 003 | IN-BaIIA | ||
| 008 | 211028s9999 xx 000 0 eng d | ||
| 040 | _cIIA Library | ||
| 080 |
_a321.7 _bNAN |
||
| 100 |
_aNandy, Ashis _919236 |
||
| 245 | 0 |
_aIntimate enemy _bloss and recovery of self under colonialism _cAshis Nandy |
|
| 260 |
_aOxford _bOxford University Press _c1993 |
||
| 300 | _axx, 121p. | ||
| 650 |
_aColonialism _921282 |
||
| 942 | _cBK | ||
| 999 |
_c12189 _d12189 |
||